Normal view
MARC view
Entry Topical Term
001 - CONTROL NUMBER
- control field: 14820
003 - CONTROL NUMBER IDENTIFIER
- control field: BD-RjUL
005 - DATE AND TIME OF LATEST TRANSACTION
- control field: 20250121101928.0
008 - FIXED-LENGTH DATA ELEMENTS
- fixed length control field: 250121|| aca||aabn | a|a d
040 ## - CATALOGING SOURCE
- Original cataloging agency: BD-RjUL
- Transcribing agency: BD-RjUL
150 ## - HEADING--TOPICAL TERM
- Topical term or geographic name entry element: Bengali
- Form subdivision: Novel
670 ## - SOURCE DATA FOUND
- Source citation: Work cat.: (BD-RjUL)84604: ওসমান, শওকত 14818, জননী / , ২০১২, [মুদ্রণ ২০২২]